[Event "Liechtenstein op Seniors"]
[Site "Triesen"]
[Date "2013.05.04"]
[Round "2"]
[White "Lutz, Albert"]
[Black "Schaad, Pierluigi"]
[Result "1-0"]
[WhiteElo "2193"]
[BlackElo "1954"]
[PlyCount "97"]
[EventDate "2013.05.03"]
[EventType "swiss"]
[EventRounds "9"]
[EventCountry "LIE"]
[SourceTitle "CBM 154 Extra"]
[Source "ChessBase"]
[SourceDate "2013.06.25"]
[SourceVersion "2"]
[SourceVersionDate "2013.06.25"]
[SourceQuality "1"]

1. Nf3 d5 2. d4 Nf6 3. g3 c6 4. Bg2 Bf5 5. 0-0 h6 6. c4 e6 7. Nc3 Be7 8. Bf4 0-0 9. Ne5 Bh7 10. Rc1 dxc4 11. Nxc4 Nd5 12. Be5 Nd7 13. Bd6 N7b6 14. Bxe7 Qxe7 15. Ne5 f6 16. Nd3 Rad8 17. e4 Nxc3 18. bxc3 Nc4 19. Re1 Qf7 20. Nc5 b6 21. Nb3 e5 22. Qe2 b5 23. d5 cxd5 24. exd5 Qc7 25. Nd2 Nd6 26. c4 bxc4 27. Nxc4 Nxc4 28. Rxc4 Qa5 29. Rec1 Kh8 30. Rc5 Qb6 31. Rc6 Qd4 32. Rd1 Qb4 33. d6 Bg8 34. Bh3 Qa3 35. Rd2 Qb4 36. Bf5 Qa3 37. d7 a5 38. Rc8 Bf7 39. h4 g6 40. Bh3 Qe7 41. Qe3 Kg7 42. Rc6 Qb4 43. Kh2 Qa4 44. Rc5 g5 45. hxg5 hxg5 46. Rc8 Rh8 47. Rxd8 Rxh3+ 48. Kxh3 Be6+ 49. Kh2 1-0

[Event "Liechtenstein op Seniors 10th"]
[Site "Triesen"]
[Date "2010.05.10"]
[Round "4"]
[White "Schaad, Pierluigi"]
[Black "Kock, Hans Uwe"]
[Result "0-1"]
[WhiteElo "1974"]
[BlackElo "2117"]
[PlyCount "80"]
[EventDate "2010.05.07"]
[EventType "swiss"]
[EventRounds "9"]
[EventCountry "LIE"]
[SourceTitle "CBM 136 Extra"]
[Source "ChessBase"]
[SourceDate "2010.07.02"]
[SourceVersion "2"]
[SourceVersionDate "2010.07.15"]
[SourceQuality "1"]

1. Nf3 Nf6 2. g3 g6 3. b3 Bg7 4. Bb2 0-0 5. Bg2 d6 6. d3 c6 7. Nbd2 e5 8. 0-0 Ne8 9. e4 f5 10. Rb1 Nd7 11. exf5 gxf5 12. a4 Ndf6 13. Qe2 Nc7 14. Ne1 Ne6 15. Qd1 Qc7 16. Nef3 Bd7 17. Nc4 Rad8 18. Nfxe5 dxe5 19. Bxe5 Qc8 20. Nd6 Qc7 21. Nf7 Rxf7 22. Bxc7 Nxc7 23. c4 Ne6 24. d4 Ne4 25. Bxe4 fxe4 26. d5 Nd4 27. Qh5 Nf3+ 28. Kh1 Rf5 29. Qg4 Nd2 30. dxc6 bxc6 31. Rbd1 Rxf2 32. Qxg7+ Kxg7 33. Rxf2 e3 34. Rf4 Be8 35. b4 Bg6 36. b5 cxb5 37. axb5 e2 38. Ra1 Nb1 39. Rxa7+ Kg8 40. Re7 Rd1+ 0-1

[Event "EU-ch Seniors 08th"]
[Site "Davos"]
[Date "2008.08.10"]
[Round "2"]
[White "Zunker, Reinhard"]
[Black "Schaad, Pierluigi"]
[Result "1-0"]
[WhiteElo "2264"]
[BlackElo "1996"]
[PlyCount "67"]
[EventDate "2008.08.09"]
[EventType "swiss"]
[EventRounds "9"]
[EventCountry "SUI"]
[SourceTitle "CBM 126 Extra"]
[Source "ChessBase"]
[SourceDate "2008.11.05"]
[SourceVersion "1"]
[SourceVersionDate "2008.11.05"]
[SourceQuality "1"]

1. e4 d6 2. d4 Nf6 3. Nc3 g6 4. Bg5 Bg7 5. e5 Ng8 6. Qe2 c6 7. f4 d5 8. h3 Bh6 9. Nf3 Bxg5 10. Nxg5 e6 11. g4 h6 12. Nf3 h5 13. Rg1 hxg4 14. hxg4 b6 15. 0-0-0 Ba6 16. Qg2 Bxf1 17. Rgxf1 Nd7 18. f5 exf5 19. gxf5 Ne7 20. e6 fxe6 21. fxe6 Nf8 22. Ng5 Qc7 23. Rf7 Qd6 24. Rf2 Rh5 25. Re1 Nf5 26. e7 Nxe7 27. Qf3 Kd7 28. Nf7 Qb4 29. Qf6 Re8 30. a3 Qa5 31. Qd6+ Kc8 32. Rxe7 Rh1+ 33. Kd2 Rxe7 34. Qd8+ 1-0

[Event "SUI-ch Seniors"]
[Site "Samnaun"]
[Date "2008.07.12"]
[Round "3"]
[White "Schaad, Pierluigi"]
[Black "Buergi, Jakob"]
[Result "1-0"]
[WhiteElo "1996"]
[BlackElo "1955"]
[PlyCount "139"]
[EventDate "2008.07.08"]
[EventType "tourn"]
[EventRounds "9"]
[EventCountry "SUI"]
[SourceTitle "CBM 125 Extra"]
[Source "ChessBase"]
[SourceDate "2008.09.01"]
[SourceVersion "1"]
[SourceVersionDate "2008.09.01"]
[SourceQuality "1"]

1. Nf3 e6 2. g3 d5 3. Bg2 f5 4. c4 c6 5. cxd5 cxd5 6. d4 Be7 7. Nc3 Nf6 8. a3 0-0 9. 0-0 Nc6 10. e3 Bd7 11. Re1 a6 12. Bf1 b5 13. b4 Rc8 14. Bb2 h6 15. Nh4 Qe8 16. Be2 g5 17. Ng2 Qg6 18. Kh1 Ne4 19. Nxe4 fxe4 20. Rf1 Bd6 21. Rc1 Ne7 22. f3 Rxc1 23. Bxc1 Rc8 24. fxe4 Qxe4 25. Kg1 Qc2 26. Bd3 Qxd1 27. Rxd1 Ra8 28. Bd2 Nc8 29. e4 Nb6 30. e5 Be8 31. exd6 Nc4 32. Bxc4 bxc4 33. Re1 Bf7 34. Ne3 Rd8 35. Ng4 Kg7 36. d7 Rxd7 37. Ne5 Rc7 38. Bc3 Bg8 39. Rf1 Bh7 40. Rf2 Bf5 41. Rb2 g4 42. a4 h5 43. Kf2 Be4 44. Ke3 Kf6 45. Rf2+ Bf5 46. Rb2 Kg5 47. b5 axb5 48. Rxb5 h4 49. a5 hxg3 50. hxg3 Rh7 51. Rb2 Rh3 52. Rg2 Be4 53. Rg1 Rh2 54. Rc1 Ra2 55. Bd2 Bf3 56. Rc3 Kf5 57. Rc1 Ra3+ 58. Kf2 Ke4 59. Nc6 Kd3 60. Rc3+ Rxc3 61. Bxc3 Kxc3 62. a6 Bd1 63. a7 Ba4 64. a8Q Bxc6 65. Qxc6 Kxd4 66. Qxe6 c3 67. Qxg4+ Kd3 68. Qd1+ Kc4 69. Qc2 d4 70. Ke2 1-0

[Event "Liechtenstein Seniors op 07th"]
[Site "Triesen"]
[Date "2007.05.19"]
[Round "9"]
[White "Thonig, Manfred"]
[Black "Schaad, Pierluigi"]
[Result "0-1"]
[WhiteElo "1739"]
[BlackElo "2004"]
[PlyCount "97"]
[EventDate "2007.05.11"]
[EventType "swiss"]
[EventRounds "9"]
[EventCountry "LIE"]
[SourceTitle "EXT 2010"]
[Source "ChessBase"]
[SourceDate "2010.11.25"]
[SourceVersion "1"]
[SourceVersionDate "2010.11.25"]
[SourceQuality "1"]

1. d4 Nf6 2. f4 g6 3. e3 Bg7 4. Nf3 d6 5. Nbd2 c6 6. Bd3 d5 7. 0-0 Bf5 8. Bxf5 gxf5 9. Ne5 Nbd7 10. Ndf3 h6 11. Qe1 e6 12. b3 Bf8 13. a4 Nxe5 14. Nxe5 Ne4 15. Qe2 Rg8 16. Qh5 Qf6 17. Ba3 Qg7 18. Qh3 Bxa3 19. Rxa3 f6 20. Nd3 Qg4 21. Qxg4 Rxg4 22. c4 dxc4 23. bxc4 Rg7 24. Rd1 0-0-0 25. Nb2 h5 26. a5 Rdg8 27. g3 h4 28. d5 hxg3 29. h3 Nf2 30. Rd2 Nxh3+ 31. Kg2 Nf2 32. dxc6 Ne4 33. cxb7+ Rxb7 34. Rc2 Rh8 35. Kg1 Rh2 36. Rxh2 gxh2+ 37. Kxh2 Rxb2+ 38. Kh3 Rc2 39. a6 Rxc4 40. Kh4 Rc7 41. Kh5 Rc3 42. Ra4 Rc6 43. Kg6 Kc7 44. Kf7 e5 45. fxe5 fxe5 46. Ke7 Nc5 47. Rc4 Nxa6 48. Rxc6+ Kxc6 49. Ke6 0-1

[Event "Liechtenstein Seniors op 07th"]
[Site "Triesen"]
[Date "2007.05.18"]
[Round "8"]
[White "Schaad, Pierluigi"]
[Black "Mani, Martin"]
[Result "1-0"]
[WhiteElo "2004"]
[BlackElo "1750"]
[PlyCount "91"]
[EventDate "2007.05.11"]
[EventType "swiss"]
[EventRounds "9"]
[EventCountry "LIE"]
[SourceTitle "EXT 2010"]
[Source "ChessBase"]
[SourceDate "2010.11.25"]
[SourceVersion "1"]
[SourceVersionDate "2010.11.25"]
[SourceQuality "1"]

1. Nf3 d5 2. g3 Nf6 3. Bg2 g6 4. d3 Bg7 5. Nbd2 0-0 6. 0-0 c6 7. e4 Re8 8. h3 e5 9. Re1 d4 10. Nc4 Nbd7 11. Nd6 Re6 12. Nxc8 Rxc8 13. Bd2 h6 14. b3 c5 15. a4 Nh7 16. h4 Rc7 17. Bh3 Re8 18. Qc1 Qf6 19. Bg2 h5 20. Nh2 Qe6 21. Qd1 Ndf6 22. Qe2 b6 23. f3 Bf8 24. Qf1 Bd6 25. Bh3 Qe7 26. Qg2 Kh8 27. Rf1 Rg8 28. Kh1 g5 29. hxg5 Nxg5 30. Bf5 Nfh7 31. Rg1 Ne6 32. Qh3 Ng7 33. g4 h4 34. Bxh7 Kxh7 35. g5 Rh8 36. Ng4 Qe6 37. Qxh4+ Kg8 38. Nf6+ Qxf6 39. Qxh8+ Kxh8 40. gxf6 Ne6 41. Rg4 Nf8 42. Kg2 Ng6 43. Rh1+ Kg8 44. Bh6 Bf8 45. Bxf8 Kxf8 46. Rxg6 1-0

[Event "EU-ch Seniors 06th"]
[Site "Davos"]
[Date "2006.08.13"]
[Round "9"]
[White "Beliaeva, Natalia"]
[Black "Schaad, Pierluigi"]
[Result "1-0"]
[WhiteElo "2078"]
[BlackElo "2012"]
[PlyCount "113"]
[EventDate "2006.08.05"]
[EventType "swiss"]
[EventRounds "9"]
[EventCountry "SUI"]
[SourceTitle "CBM 113 Extra"]
[Source "ChessBase"]
[SourceDate "2006.09.14"]
[SourceVersion "1"]
[SourceVersionDate "2006.09.14"]
[SourceQuality "1"]

1. f4 d5 2. Nf3 g6 3. e3 Bg7 4. Be2 c6 5. 0-0 e6 6. Nc3 Nf6 7. b3 0-0 8. Ba3 Re8 9. Qe1 Nbd7 10. Ne5 Nf8 11. Kh1 Qc7 12. d4 a6 13. Bd3 b6 14. e4 Bb7 15. Qf2 Rad8 16. Rae1 dxe4 17. Nxe4 Nxe4 18. Bxe4 Nd7 19. c3 Nf6 20. Bf3 Nd5 21. Bxd5 cxd5 22. Re3 f6 23. Nd3 Rc8 24. Qe2 Qf7 25. Bb2 a5 26. Re1 Ba6 27. Qg4 Bxd3 28. Rxd3 f5 29. Qe2 Bh6 30. g3 Bg7 31. Re3 Rc6 32. c4 dxc4 33. d5 Rd6 34. Bxg7 Kxg7 35. bxc4 Qb7 36. Kg1 Qc7 37. Rxe6 Rdxe6 38. dxe6 Qc5+ 39. Kg2 Qc6+ 40. Kh3 Kh6 41. e7 Kg7 42. Qe6 Qxe6 43. Rxe6 Kf7 44. Rxb6 Rxe7 45. Ra6 Rc7 46. Rxa5 Rxc4 47. Ra7+ Kf6 48. a4 Rc6 49. a5 h6 50. Rb7 Ke6 51. Rb6 Kd6 52. Rxc6+ Kxc6 53. g4 fxg4+ 54. Kxg4 Kb5 55. f5 gxf5+ 56. Kxf5 Kxa5 57. Kg6 1-0

[Event "EU-ch Seniors 06th"]
[Site "Davos"]
[Date "2006.08.11"]
[Round "7"]
[White "Kock, Hans Uwe"]
[Black "Schaad, Pierluigi"]
[Result "1-0"]
[WhiteElo "2130"]
[BlackElo "2012"]
[PlyCount "87"]
[EventDate "2006.08.05"]
[EventType "swiss"]
[EventRounds "9"]
[EventCountry "SUI"]
[SourceTitle "CBM 113 Extra"]
[Source "ChessBase"]
[SourceDate "2006.09.14"]
[SourceVersion "1"]
[SourceVersionDate "2006.09.14"]
[SourceQuality "1"]

1. d4 Nf6 2. c4 c5 3. d5 e5 4. Nc3 d6 5. e4 Be7 6. g3 Na6 7. h4 h6 8. Bh3 Bd7 9. Qe2 Qc8 10. Bxd7+ Qxd7 11. Nf3 b6 12. Nd2 Qg4 13. a3 Qxe2+ 14. Kxe2 Nh5 15. Nf1 g6 16. Ne3 Ng7 17. g4 Kd7 18. Bd2 Nc7 19. Raf1 Raf8 20. f4 exf4 21. Rxf4 Bxh4 22. Rf3 Bg5 23. Rfh3 f6 24. Ng2 Bxd2 25. Kxd2 g5 26. Rxh6 Rxh6 27. Rxh6 Nce8 28. Ne3 a6 29. b4 Rf7 30. b5 axb5 31. cxb5 Kd8 32. Nc4 Ra7 33. a4 Rb7 34. Kd3 Ke7 35. a5 bxa5 36. Nxa5 Rb6 37. Nc4 Rb8 38. b6 Kf7 39. Nb5 Rd8 40. Rh2 Ke7 41. Ra2 Rb8 42. Na7 Kd7 43. Nc6 Rb7 44. Ra8 1-0

[Event "Liechtenstein Seniors op 06th"]
[Site "Triesen"]
[Date "2006.05.21"]
[Round "3"]
[White "Kock, Hans Uwe"]
[Black "Schaad, Pierluigi"]
[Result "1/2-1/2"]
[WhiteElo "2117"]
[BlackElo "2018"]
[PlyCount "74"]
[EventDate "2006.05.19"]
[EventType "swiss"]
[EventRounds "9"]
[EventCountry "LIE"]
[SourceTitle "CBM 112 Extra"]
[Source "ChessBase"]
[SourceDate "2006.07.14"]
[SourceVersion "1"]
[SourceVersionDate "2006.07.14"]
[SourceQuality "1"]

1. d4 Nf6 2. c4 c5 3. d5 e5 4. Nc3 d6 5. e4 Be7 6. g3 0-0 7. h4 a6 8. a4 b6 9. Bh3 Bd7 10. Qe2 Ne8 11. Be3 Qc8 12. Bxd7 Nxd7 13. Nf3 Ndf6 14. Nh2 Nc7 15. g4 Qd7 16. g5 Nfe8 17. Qg4 f5 18. exf5 Qxf5 19. Qxf5 Rxf5 20. Ke2 a5 21. Nf1 Na6 22. Ng3 Rf8 23. Raf1 Nb4 24. f4 exf4 25. Rxf4 Nc2 26. Rxf8+ Bxf8 27. Nb5 Nxe3 28. Kxe3 g6 29. Ne4 Rd8 30. Rf1 Bg7 31. b3 Be5 32. Kd3 Rd7 33. Rf3 Rf7 34. Ke3 Rd7 35. Kf2 Kg7 36. Kg2 Re7 37. Kh3 Rd7 1/2-1/2

[Event "Liechtenstein Seniors op-B 05th"]
[Site "Liechtenstein"]
[Date "2005.05.05"]
[Round "7"]
[White "Sigrist, Walter"]
[Black "Schaad, Pierluigi"]
[Result "1/2-1/2"]
[WhiteElo "2109"]
[BlackElo "2012"]
[PlyCount "100"]
[EventDate "2005.04.??"]
[EventType "swiss"]
[EventRounds "9"]
[EventCountry "LIE"]
[SourceTitle "EXT 2006"]
[Source "ChessBase"]
[SourceDate "2005.11.24"]
[SourceVersion "1"]
[SourceVersionDate "2005.11.24"]
[SourceQuality "1"]

1. e4 g6 2. d4 Bg7 3. Nf3 d6 4. Bd3 Nf6 5. 0-0 0-0 6. c3 c6 7. Nbd2 Qc7 8. Re1 Nbd7 9. Nf1 e5 10. h3 Rd8 11. Bg5 Nf8 12. Rc1 Ne6 13. Be3 b6 14. Ng3 Bb7 15. Qc2 Rac8 16. b3 Re8 17. Qd2 Rcd8 18. Qc2 Qb8 19. Qb1 h6 20. Ne2 Nh5 21. g3 Qc8 22. Kh2 Qc7 23. Nfg1 Kh7 24. f4 exf4 25. gxf4 Nf8 26. Ng3 Nxg3 27. Kxg3 Bc8 28. Qc2 Kg8 29. Nf3 Qd7 30. Qg2 Kh8 31. Kh2 Nh7 32. Rcd1 Rg8 33. e5 dxe5 34. fxe5 Qe7 35. Be4 Qe6 36. Ng1 Bd7 37. Bf2 Ng5 38. Bb1 Rc8 39. h4 Nh7 40. c4 Rcd8 41. Nh3 Qg4 42. Qxg4 Bxg4 43. Rd2 Rge8 44. Bg3 Bf8 45. Rf1 Kg8 46. Rdf2 Re7 47. Be4 Rxd4 48. Bxc6 Be6 49. Nf4 Bf5 50. Bd5 Bg7 1/2-1/2

[Event "Samnaun Seniors"]
[Site "Samnaun"]
[Date "2004.07.11"]
[Round "4"]
[White "Schaad, Pierluigi"]
[Black "Ziltener, Werner"]
[Result "0-1"]
[WhiteElo "2012"]
[BlackElo "2084"]
[PlyCount "98"]
[EventDate "2004.07.08"]
[EventType "swiss"]
[EventRounds "9"]
[EventCountry "SUI"]
[SourceTitle "EXT 2005"]
[Source "ChessBase"]
[SourceDate "2004.11.15"]
[SourceVersion "1"]
[SourceVersionDate "2004.11.15"]
[SourceQuality "1"]

1. Nf3 Nf6 2. g3 b5 3. a4 b4 4. Bg2 Bb7 5. 0-0 e6 6. d4 d5 7. c3 Nbd7 8. cxb4 Bxb4 9. Nc3 0-0 10. Qc2 c5 11. Na2 Rc8 12. Nxb4 cxb4 13. Qd3 Rc4 14. Bf4 Ba6 15. b3 Rc6 16. Qd1 Qb6 17. Ne5 Nxe5 18. dxe5 Nd7 19. Be3 Qc7 20. f4 Rc8 21. Bf3 Rc2 22. Bd4 Rc6 23. Re1 Nc5 24. Rb1 Ne4 25. Rb2 Rc1 26. Qxc1 Qxc1 27. Rxc1 Rxc1+ 28. Kg2 Rc7 29. Be3 Nc3 30. Bd4 Bc8 31. e3 a5 32. Bb6 Rb7 33. Bxa5 Ne4 34. Bxe4 dxe4 35. Rc2 Bd7 36. Rc7 Rxc7 37. Bxc7 Bxa4 38. bxa4 b3 39. a5 b2 40. Bb6 b1Q 41. g4 Qc2+ 42. Kg3 Qe2 43. h3 h5 44. gxh5 Kh7 45. Kh4 Kh6 46. a6 Qxh5+ 47. Kg3 Qf3+ 48. Kh2 Qe2+ 49. Kg3 Qxa6 0-1

[Event "Liechtenstein Seniors op 04th"]
[Site "Triesen"]
[Date "2004.??.??"]
[Round "5"]
[White "Baumann, Kurt2"]
[Black "Schaad, Pierluigi"]
[Result "1-0"]
[WhiteElo "1708"]
[BlackElo "2000"]
[PlyCount "154"]
[EventDate "2004.05.14"]
[EventType "swiss"]
[EventRounds "9"]
[EventCountry "LIE"]
[SourceTitle "EXT 2005"]
[Source "ChessBase"]
[SourceDate "2004.11.15"]
[SourceVersion "1"]
[SourceVersionDate "2004.11.15"]
[SourceQuality "1"]

1. Nf3 Nf6 2. c4 g6 3. g3 Bg7 4. Bg2 d6 5. d4 Nbd7 6. Nc3 0-0 7. 0-0 c6 8. e4 e5 9. h3 Qc7 10. Be3 exd4 11. Nxd4 Ne5 12. Qe2 Be6 13. Nxe6 fxe6 14. Rfd1 b6 15. Rd2 Rad8 16. Rad1 Rfe8 17. f4 Nf7 18. g4 Kh8 19. Bf3 Rf8 20. g5 Ne8 21. Bg4 Qe7 22. h4 h6 23. f5 exf5 24. exf5 gxf5 25. Bxf5 Nxg5 26. Bxg5 Qxe2 27. Rxe2 hxg5 28. Bg6 Be5 29. Rxe5 gxh4 30. Rh5+ Kg7 31. Bxe8 Rfxe8 32. Rxh4 Re6 33. Rg4+ Kh6 34. Kg2 Re5 35. Rh1+ Rh5 36. Rxh5+ Kxh5 37. Rg7 d5 38. cxd5 cxd5 39. Rxa7 d4 40. Nd1 Kg4 41. Rg7+ Kf4 42. Rb7 Rd6 43. Kf2 Ke4 44. Ke2 Kd5 45. Kd3 Kc6 46. Re7 Rd5 47. Re2 b5 48. Nf2 b4 49. Rc2+ Kb5 50. b3 Rd8 51. Ne4 Rd5 52. Rc4 Rd8 53. Rxd4 Ra8 54. Rd5+ Kb6 55. Kc4 Rxa2 56. Kxb4 Rh2 57. Kc4 Rh4 58. Kd4 Kc6 59. Rc5+ Kb6 60. b4 Rg4 61. Kd5 Rh4 62. Rc4 Rh5+ 63. Kd4 Rh4 64. Rc8 Kb5 65. Rb8+ Kc6 66. b5+ Kc7 67. Re8 Kb6 68. Kc4 Rf4 69. Re6+ Kb7 70. Kd4 Rh4 71. Kd5 Rh1 72. Nc3 Rh5+ 73. Kc4 Rh1 74. Re7+ Kb8 75. b6 Rc1 76. Kb4 Rc2 77. Kb3 Rc1 1-0

[Event "Liechtenstein Seniors op 04th"]
[Site "Triesen"]
[Date "2004.??.??"]
[Round "4"]
[White "Westermayer, Johann"]
[Black "Schaad, Pierluigi"]
[Result "0-1"]
[WhiteElo "1965"]
[BlackElo "2000"]
[PlyCount "54"]
[EventDate "2004.05.14"]
[EventType "swiss"]
[EventRounds "9"]
[EventCountry "LIE"]
[SourceTitle "EXT 2005"]
[Source "ChessBase"]
[SourceDate "2004.11.15"]
[SourceVersion "1"]
[SourceVersionDate "2004.11.15"]
[SourceQuality "1"]

1. Nf3 Nf6 2. c4 g6 3. Nc3 Bg7 4. e4 d6 5. d4 0-0 6. Be2 Nc6 7. Be3 e6 8. 0-0 Ne7 9. b4 a5 10. Qb3 axb4 11. Qxb4 Nc6 12. Qb3 h6 13. Rad1 Qe7 14. Bc1 Na5 15. Qc2 b6 16. d5 e5 17. Nb5 Ba6 18. Ne1 Nb7 19. f3 Rfc8 20. Qb2 Nd7 21. Nd3 Ndc5 22. Nb4 Na5 23. Be3 Bb7 24. Nd3 Nxc4 25. Qc1 Nxe3 26. Qxe3 Rxa2 27. Nxc5 bxc5 0-1

[Event "SUI-ch Seniors"]
[Site "Leukerbad"]
[Date "2002.07.11"]
[Round "1"]
[White "Schaad, Pierluigi"]
[Black "Buergi, Jakob"]
[Result "0-1"]
[WhiteElo "1846"]
[BlackElo "2030"]
[PlyCount "136"]
[EventDate "2002.07.11"]
[EventType "swiss"]
[EventRounds "9"]
[EventCountry "SUI"]
[SourceTitle "EXT 2003"]
[Source "ChessBase"]
[SourceDate "2002.11.25"]
[SourceVersion "1"]
[SourceVersionDate "2002.11.25"]
[SourceQuality "1"]

1. Nf3 d5 2. g3 c6 3. Bg2 Nd7 4. d3 e5 5. Nbd2 Bd6 6. e4 Ngf6 7. 0-0 h6 8. b3 0-0 9. Bb2 Re8 10. Qe2 d4 11. Nc4 Bc7 12. a4 Nf8 13. Rfe1 Ng6 14. h3 Be6 15. Nfd2 Qd7 16. Kh2 Nh7 17. Nf3 f6 18. Bc1 Ng5 19. Ng1 a5 20. Bd2 b6 21. h4 Nf7 22. Bh3 Nd6 23. Nxd6 Bxd6 24. Bxe6+ Qxe6 25. h5 Ne7 26. Nf3 f5 27. Rg1 fxe4 28. dxe4 Rf8 29. Nh4 Rf7 30. Raf1 Raf8 31. f3 Kh7 32. g4 Bc5 33. Rg3 Rf4 34. Bxf4 exf4 35. Rh3 Nd5 36. Ng6 Rf7 37. Qc4 Nc7 38. Qxe6 Nxe6 39. Ne5 Rc7 40. Kh1 b5 41. axb5 cxb5 42. Rh2 Bb4 43. Nd3 Bc3 44. Nc1 a4 45. bxa4 bxa4 46. Na2 a3 47. Rhf2 Bb2 48. Kg2 Rc4 49. Rd1 Nc5 50. Re2 Ne6 51. e5 Kg8 52. Rd3 Nc5 53. Rd1 Kf7 54. Kh3 Na4 55. Rd3 Nc3 56. Rxc3 Rxc3 57. Nxc3 dxc3 58. Re4 a2 59. Rxf4+ Ke6 60. Ra4 a1Q 61. Rxa1 Bxa1 62. f4 Bb2 63. Kg3 Bc1 64. Kf3 Kd5 65. e6 Kxe6 66. Ke4 Kf6 67. Kd3 Bxf4 68. Kxc3 Kg5 0-1

[Event "Liechtenstein Seniors op 02nd"]
[Site "Triesen"]
[Date "2002.05.11"]
[Round "9"]
[White "Daum, Dieter"]
[Black "Schaad, Pierluigi"]
[Result "1/2-1/2"]
[WhiteElo "1954"]
[BlackElo "1897"]
[PlyCount "122"]
[EventDate "2002.05.??"]
[EventType "swiss"]
[EventRounds "9"]
[EventCountry "LIE"]
[SourceTitle "EXT 2006"]
[Source "ChessBase"]
[SourceDate "2005.11.24"]
[SourceVersion "1"]
[SourceVersionDate "2005.11.24"]
[SourceQuality "1"]

1. Nf3 Nf6 2. g3 g6 3. b3 Bg7 4. Bb2 0-0 5. c4 d6 6. Bg2 e5 7. d3 Nc6 8. 0-0 Nh5 9. Nc3 f5 10. Qd2 h6 11. e3 Kh7 12. Nd5 Ne7 13. Rfc1 c6 14. Nxe7 Qxe7 15. b4 a6 16. a4 g5 17. h3 Bd7 18. Bc3 Rac8 19. Qb2 Rce8 20. Nd2 Nf6 21. b5 axb5 22. axb5 cxb5 23. cxb5 Rb8 24. Ra7 Be6 25. Ba5 Rfc8 26. Rxc8 Bxc8 27. Qa3 Ne8 28. Nc4 Be6 29. Bb4 Bxc4 30. dxc4 e4 31. c5 dxc5 32. Bxc5 Qd7 33. b6 Qc6 34. Bf1 Kg6 35. Ra5 Nf6 36. Bb5 Qe6 37. Ra8 Qc8 38. Rxb8 Qxb8 39. Bd6 Qd8 40. Bc7 Qd1+ 41. Bf1 Qd7 42. Qd6 Qxd6 43. Bxd6 Nd7 44. Bc7 Bf8 45. Bb5 Nf6 46. Bc4 Bc5 47. Be6 Ne8 48. g4 fxg4 49. hxg4 Kf6 50. Bd5 Nd6 51. Bxd6 Bxd6 52. Bxb7 Bc5 53. Bxe4 Bxb6 54. Kf1 Bc7 55. Ke2 Bh2 56. Bc6 Bc7 57. Kd3 Ke5 58. Be8 Bb6 59. f3 Bc7 60. Ke2 Bb6 61. Bc6 Bc5 1/2-1/2